| 000 | 01095nam a22002297a 4500 | ||
|---|---|---|---|
| 999 |
_c60207 _d60207 |
||
| 003 | Ge_BSU | ||
| 005 | 20230619115517.0 | ||
| 008 | 230619s2003 ge ||||| |||| 00| 0 geo d | ||
| 020 | _a9994013270 | ||
| 041 | _ageo | ||
| 080 | _a94(479.22:470)(093) ქ-22 | ||
| 100 |
_aკანდელაკი, დალი _918801 |
||
| 245 |
_aსაქართველო-რუსეთის ურთიერთობის საკითხები გერმანულ წყაროებში / _cდალი კანდელაკი; [რედ.: მ. ვაჩნაძე]. |
||
| 264 |
_aთბილისი : _bსახ. უნ-ტის გამ-ბა, _c2003. |
||
| 300 |
_a207გვ. ; _b20სმ. |
||
| 504 | _aბიბლიოგრ.: გვ. 198-205. | ||
| 520 | _a რეზ. რუს. ენ. | ||
| 653 | _aსაქართველო-რუსეთის ურთიერთობის ისტორია | ||
| 653 | _aგერმანული წყაროები | ||
| 700 |
_aვაჩნაძე, მ. _910464 |
||
| 942 |
_2udc _cBK |
||